Darasat fi tareekh al-daulat al-islamia tatawwur al-tareekh al-islami (Record no. 1227447)

MARC details
000 -LEADER
fixed length control field 00608nam a2200217Ia 4500
005 - DATE AND TIME OF LATEST TRANSACTION
control field 20241129110133.0
008 - FIXED-LENGTH DATA ELEMENTS--GENERAL INFORMATION
fixed length control field 241129s9999||||xx |||||||||||||| ||und||
020 ## - INTERNATIONAL STANDARD BOOK NUMBER
International Standard Book Number 9789777331135
037 ## - SOURCE OF ACQUISITION
Stock number TB
040 ## - CATALOGING SOURCE
Original cataloging agency ARTS
Language of cataloging eng
Transcribing agency ARTS
041 ## - LANGUAGE CODE
Language code of text/sound track or separate title eng
Source of code ara
084 ## - COLON CLASSIFICATION NUMBER
Classification number Q7v 28Q6
Assigning agency ARTS
100 ## - MAIN ENTRY--PERSONAL NAME
Personal name Bahji Ainas Husni Au.
9 (RLIN) 727353
245 #0 - TITLE STATEMENT
Title Darasat fi tareekh al-daulat al-islamia tatawwur al-tareekh al-islami
Statement of responsibility, etc. Bahji Ainas Husni Au.
260 ## - PUBLICATION, DISTRIBUTION, ETC.
Date of publication, distribution, etc. 2004
300 ## - PHYSICAL DESCRIPTION
Extent 380p.
365 ## - TRADE PRICE
Price type code INR
Price amount 1150
650 ## - SUBJECT ADDED ENTRY--TOPICAL TERM
Topical term or geographic name entry element IslamHistory
9 (RLIN) 727354
942 ## - ADDED ENTRY ELEMENTS (KOHA)
Koha item type Textbook
Classification part Q7v 28Q6
Holdings
Withdrawn status Lost status Damaged status Not for loan Home library Current library Date acquired Source of acquisition Cost, normal purchase price Inventory number Total Checkouts Full call number Barcode Date last seen Price effective from Koha item type
        Arts Library Arts Library 2024-11-29 Nadwi Publications 1150.00 1722 & 27/01/2024   Q7v 28Q6 AL1803481 2024-11-29 2024-11-29 Textbook
Copyright @ Delhi University Library System